[Event "Festa Da Uva"]
[Site "?"]
[Date "2010.03.06"]
[Round "?"]
[White "Milos, Gilberto"]
[Black "Ivanchuk, Vassily"]
[WhiteElo "2606"]
[BlackElo "2748"]
[Result "1-0"]

1. e4 c5 2. Nf3 d6 3. d4 cxd4 4. Nxd4 Nf6 5. Nc3 a6 6. Be2 e6 7. O-O Be7 8. f4 O-O 9. Kh1 Qc7 10. a4 Nc6 11. Be3 Re8 12. Bf3 Rb8 13. g4 Nd7 14. g5 b6 15. Bg2 Bb7 16. Qg4 Bf8 17. Rad1 Nb4 18. Rd2 g6 19. Nde2 Rbc8 20. Rfd1 Nc5 21. Bg1 Bc6 22. b3 Qb7 23. Qf3 d5 24. exd5 Nxd5 25. Nxd5 Bxd5 26. Rxd5 exd5 27. Nc3 d4 28. Qxb7 Nxb7 29. Bxd4 Nd6 30. Nd5 Bg7 31. Bxb6 Rxc2 32. Ne3 Rc3 33. Rxd6 Rxb3 34. Bd5 Rb4 35. f5 Bf8 36. Rf6 Re7 37. fxg6 hxg6 38. Rxg6+ Kh7 39. Rc6 Rxb6 40. Rxb6 Rxe3 41. Bxf7 a5 42. Bb3 Rc3 43. Kg2 Bb4 44. Bd5 Re3 45. h4 Be1 46. h5 Rg3+ 47. Kf1 Rxg5 48. Be4+ Kh8 49. Kxe1 Re5 50. Rh6+ Kg7 51. Rg6+ Kf7 52. Rg4 

1-0

[Event "Rapid"]
[Site "?"]
[Date "2004.08.23"]
[Round "?"]
[White "Milos, Gilberto"]
[Black "Vescovi, Giovanni"]
[WhiteElo "2601"]
[BlackElo "2648"]
[Result "1-0"]

1. e4 c5 2. Nf3 d6 3. d4 cxd4 4. Nxd4 Nf6 5. Nc3 g6 6. Be3 Bg7 7. f3 Nc6 8. Qd2 O-O 9. Bc4 Bd7 10. O-O-O Rc8 11. Bb3 Re8 12. Bh6 Ne5 13. Kb1 Nc4 14. Bxc4 Rxc4 15. Bxg7 Kxg7 16. h4 h5 17. g4 hxg4 18. h5 Rh8 19. hxg6 fxg6 20. f4 e5 21. Nde2 Nxe4 22. Nxe4 Rxe4 23. Rxh8 Qxh8 24. Qxd6 Qe8 25. fxe5 Rxe5 26. Qxd7+ Qxd7 27. Rxd7+ Kf6 28. Rd2 g3 29. Kc1 g2 30. Ng1 Re1+ 31. Rd1 Rf1 32. Kd2 Kf5 33. Ke2 Rxd1 34. Kxd1 Kf4 35. Ke2 Kg3 36. Ke3 Kg4 37. c4 Kf5 38. Nf3 Ke6 39. b4 Kf6 40. Ke4 g5 41. c5 g4 42. Ng1 Ke6 43. b5 Kd7 44. Kd5 

1-0

[Event "2nd SP Masters Blitz"]
[Site "?"]
[Date "2011.05.10"]
[Round "?"]
[White "Milos, Gilberto"]
[Black "Vescovi, Giovanni"]
[WhiteElo "2597"]
[BlackElo "2634"]
[Result "1-0"]

1. e4 c5 2. Nf3 d6 3. d4 cxd4 4. Nxd4 Nf6 5. Nc3 a6 6. Be2 e6 7. O-O Be7 8. f4 Qc7 9. a4 Nc6 10. Kh1 O-O 11. Be3 Re8 12. Bf3 Rb8 13. Nb3 b6 14. Qe2 Bb7 15. g4 Na5 16. g5 Nd7 17. Rad1 d5 18. exd5 Bd6 19. dxe6 Rxe6 20. Nd5 Qc4 21. Qg2 Nxb3 22. cxb3 Qxb3 23. Bd4 Nc5 24. f5 Ree8 25. g6 hxg6 26. fxg6 fxg6 27. Qxg6 Be5 28. Bxe5 Rxe5 29. Nf6+ Kf8 30. Bxb7 Rxb7 31. Ng4+ Rf7 32. Qxf7+ 

1-0

[Event "4th ch-IberoAmerican Final Group A"]
[Site "?"]
[Date "2012.04.20"]
[Round "?"]
[White "Milos, Gilberto"]
[Black "Leitao, Rafael"]
[WhiteElo "2593"]
[BlackElo "2623"]
[Result "1-0"]

1. c4 Nf6 2. Nc3 e5 3. Nf3 Nc6 4. d3 Bb4 5. Bd2 O-O 6. g3 Re8 7. Bg2 a5 8. O-O h6 9. Ne1 d6 10. Nc2 Bc5 11. a3 Nd4 12. Rb1 Nb3 13. Be1 c6 14. Ne3 Bxe3 15. fxe3 Nc5 16. d4 exd4 17. exd4 Nce4 18. d5 Bg4 19. Rf4 Ng5 20. dxc6 bxc6 21. Rd4 Bf5 22. Rc1 Nge4 23. e3 Re6 24. Qf3 Bg6 25. Qf4 Qe7 26. Rcd1 Re5 27. Nxe4 Nxe4 28. Bxe4 Bxe4 29. Rxd6 Rf5 30. Qh4 g5 31. Qxh6 Bf3 32. Rd7 Qxe3+ 33. Bf2 Qxf2+ 34. Kxf2 Bxd1+ 35. Kg1 Be2 36. Qxc6 Rf1+ 37. Kg2 Rb8 38. Qh6 Rf5 39. Rd2 Bxc4 40. g4 Rfb5 41. Qf6 a4 42. Rd8+ Rxd8 43. Qxd8+ Kh7 44. Qd4 Bd5+ 45. Kg1 Kg8 46. Qe5 Bc6 47. Qc7 Be8 48. Qe7 Bc6 49. Qd8+ Kh7 50. Qd3+ Kg8 51. Qc4 Be8 52. Qxa4 Re5 53. Qd4 f6 54. a4 Kg7 55. b4 Bc6 56. h3 Rd5 57. Qa7+ Rd7 58. Qa6 Bb7 59. Qb5 

1-0

[Event "5th Mario Covas Rapid"]
[Site "?"]
[Date "2005.09.28"]
[Round "?"]
[White "Milos, Gilberto"]
[Black "Felgaer, R"]
[WhiteElo "2606"]
[BlackElo "2618"]
[Result "1-0"]

1. c4 e5 2. g3 c5 3. Nc3 Nc6 4. d3 g6 5. h4 h5 6. Bg2 Bg7 7. Nf3 d6 8. a3 Nge7 9. Rb1 a5 10. Bd2 O-O 11. O-O Bg4 12. Re1 Qd7 13. Nh2 Bh3 14. Bxh3 Qxh3 15. Ne4 Qd7 16. b4 axb4 17. axb4 cxb4 18. Bxb4 Nxb4 19. Rxb4 d5 20. cxd5 Nxd5 21. Rb1 b6 22. Qb3 Kh8 23. Qb5 Qd8 24. Nf3 Ra5 25. Qc6 Qa8 26. Rec1 Qxc6 27. Rxc6 Rb8 28. Nd6 Kg8 29. Nc4 Ra2 30. e3 b5 31. Ncxe5 b4 32. e4 Nc3 33. Rxc3 

1-0

[Event "zt 2.4"]
[Site "?"]
[Date "2001.06.11"]
[Round "?"]
[White "Milos, Gilberto"]
[Black "Leitao, R"]
[WhiteElo "2608"]
[BlackElo "2587"]
[Result "1-0"]

1. e4 c5 2. Nf3 d6 3. d4 cxd4 4. Nxd4 Nf6 5. Nc3 a6 6. Be2 e5 7. Nb3 Be7 8. Be3 Be6 9. Nd5 Nbd7 10. Qd3 Bxd5 11. exd5 Nc5 12. Nxc5 dxc5 13. O-O-O Qd6 14. g4 b5 15. g5 c4 16. Qf5 g6 17. Qh3 Nd7 18. Kb1 c3 19. b3 O-O 20. Rhf1 Rfb8 21. f4 a5 22. fxe5 Nxe5 23. Bd4 Bxg5 24. Qg3 f6 25. h4 Bd2 26. Rxf6 Qxf6 27. Bxe5 Qb6 28. d6 Qc5 29. d7 Rd8 30. Bd6 Qf5 31. Bg4 Qe4 32. Rf1 Bh6 33. Re1 Qc6 34. Bf3 Qxd7 35. Bd5+ Kh8 36. Re7 Qxe7 37. Bxe7 Rxd5 38. Qf3 Rf5 39. Qxa8+ Kg7 40. a3 Rf1+ 41. Ka2 

1-0

[Event "Caxias do Sul Brazil, Festa da Uva"]
[Site "?"]
[Date "2014.03.06"]
[Round "?"]
[White "Leitao, Rafael"]
[Black "Milos, Gilberto"]
[WhiteElo "2645"]
[BlackElo "2583"]
[Result "0-1"]

1. d4 d6 2. e4 Nf6 3. Nc3 e5 4. Nf3 Nbd7 5. Bc4 Be7 6. O-O O-O 7. Re1 c6 8. a4 a5 9. h3 Nb6 10. Ba2 Nfd7 11. Be3 exd4 12. Bxd4 Nc5 13. Bxc5 dxc5 14. Qe2 Qd6 15. Rad1 Qf4 16. Bb3 Be6 17. Bxe6 fxe6 18. Nd2 c4 19. g3 Qf7 20. Kg2 Bc5 21. f4 e5 22. f5 Rad8 23. Nf3 Qe7 24. Rxd8 Rxd8 25. Rd1 Bd4 26. g4 h6 27. Rd2 Kh7 28. Qd1 Qb4 29. Nxd4 exd4 30. Rxd4 Rxd4 31. Qxd4 Qxb2 32. f6 Qxc2+ 33. Kf3 gxf6 34. Qxf6 Qd3+ 35. Kg2 Nd7 36. Qf7+ Kh8 37. Qe8+ Kg7 38. Qe7+ Kg8 39. Qe6+ Kg7 40. Qe7+ Kg6 41. Qe8+ Kf6 42. Qh8+ Kg5 43. Qg7+ Kf4 44. Qxh6+ Ke5 45. Qg7+ Ke6 46. Qg8+ Ke7 47. Qg7+ Kd6 48. Qg6+ Kc7 49. Qg7 Kb6 50. g5 Qd2+ 51. Kg3 Nc5 52. Qf6 

0-1

[Event "2nd SP Masters Blitz"]
[Site "?"]
[Date "2011.05.10"]
[Round "?"]
[White "Vescovi, Giovanni"]
[Black "Milos, Gilberto"]
[WhiteElo "2634"]
[BlackElo "2597"]
[Result "0-1"]

1. d4 Nf6 2. c4 g6 3. Nc3 Bg7 4. e4 O-O 5. Nf3 d6 6. Be2 c5 7. O-O cxd4 8. Nxd4 Nc6 9. Be3 Nxd4 10. Bxd4 Bd7 11. Qd2 Bc6 12. f3 a5 13. b3 Nd7 14. Be3 Nc5 15. Rab1 Qb6 16. Rfc1 Rfc8 17. Rc2 Qd8 18. Bf1 h5 19. a3 Qf8 20. Bf2 Kh7 21. Qe1 Be5 22. b4 axb4 23. axb4 Ne6 24. Nd5 Bxd5 25. exd5 Nd4 26. Rd2 Qg7 27. Qd1 Nf5 28. Bd3 Qf6 29. c5 Bc3 30. Rc2 Bd4 31. Qd2 Bxf2+ 32. Qxf2 Ra3 33. Be4 Nd4 34. Rc4 Nb5 35. c6 bxc6 36. dxc6 Nc3 37. Rxc3 Rxc3 38. b5 e6 39. b6 d5 40. b7 Rb8 41. Qa7 dxe4 42. Qxb8 Qd4+ 43. Kh1 exf3 44. Qg3 h4 45. Qxf3 Rxf3 46. gxf3 Qd3 47. b8=Q Qxf3+ 48. Kg1 Qe3+ 49. Kf1 Qf3+ 50. Ke1 Qe3+ 51. Kf1 Qf3+ 52. Kg1 Qe3+ 53. Kg2 h3+ 

0-1

[Event "Japfa Classic"]
[Site "?"]
[Date "2000.04.30"]
[Round "?"]
[White "Ehlvest, Jaan"]
[Black "Milos, Gilberto"]
[WhiteElo "2622"]
[BlackElo "2620"]
[Result "0-1"]

1. e4 c5 2. Nf3 d6 3. d4 cxd4 4. Nxd4 Nf6 5. Nc3 Nc6 6. Bc4 e6 7. Be3 Be7 8. Bb3 O-O 9. f4 Nxd4 10. Bxd4 b5 11. e5 dxe5 12. fxe5 Nd7 13. Qf3 Rb8 14. Bxa7 Bh4+ 15. g3 Bb7 16. Qh5 Bxh1 17. Bxb8 Bg5 18. Bc7 Qxc7 19. Qxg5 b4 20. Nb5 Qc5 21. O-O-O Bf3 22. Rxd7 Qg1+ 23. Kd2 Qxh2+ 24. Kd3 Qe2+ 25. Kd4 Qd1+ 26. Kc5 Qxd7 27. Kxb4 Rb8 28. a4 Qd4+ 29. Ka3 Qc5+ 30. Ka2 Bd5 31. Bxd5 Qxd5+ 32. b3 f6 33. Qe3 Qxe5 34. Qxe5 fxe5 35. Nd6 Rd8 36. Ne4 Rd4 

0-1

[Event "5th Mario Covas Rapid"]
[Site "?"]
[Date "2005.10.01"]
[Round "?"]
[White "Felgaer, R"]
[Black "Milos, Gilberto"]
[WhiteElo "2618"]
[BlackElo "2606"]
[Result "0-1"]

1. e4 c5 2. Nf3 Nc6 3. Bb5 e6 4. Bxc6 bxc6 5. d3 Ne7 6. Qe2 f6 7. Nh4 d5 8. c4 g5 9. Nf3 Ng6 10. h3 Kf7 11. b3 Bd6 12. Nc3 d4 13. Na4 Bf4 14. Ba3 Bd6 15. g3 h5 16. h4 e5 17. Nd2 gxh4 18. Bxc5 Bg4 19. f3 hxg3 20. fxg4 Nf4 21. Qf3 hxg4 22. Rxh8 gxf3 23. Rxd8 f2+ 24. Kf1 Rxd8 

0-1

[Event "3rd Iberoamerican KO"]
[Site "?"]
[Date "2010.11.19"]
[Round "?"]
[White "Iturrizaga Bonelli, Eduardo"]
[Black "Milos, Gilberto"]
[WhiteElo "2607"]
[BlackElo "2596"]
[Result "0-1"]

1. c4 e5 2. g3 Nf6 3. Bg2 d5 4. cxd5 Nxd5 5. Nc3 Nb6 6. Nf3 Nc6 7. O-O Be7 8. d3 O-O 9. Be3 Be6 10. Qc1 f6 11. Rd1 Nd5 12. d4 exd4 13. Nxd4 Nxd4 14. Rxd4 Nxc3 15. Qxc3 Qc8 16. Bf4 c6 17. Rad1 Re8 18. a3 a5 19. h4 Bf8 20. Bf3 a4 21. h5 h6 22. Be4 Bf7 23. Bf3 Qf5 24. Rd7 Re7 25. Qd3 Qxd3 26. R1xd3 Be6 27. R7d4 Bb3 28. Bd6 Re6 29. Bxf8 Kxf8 30. e3 Rae8 31. Kg2 Re5 32. g4 Kf7 33. Rd2 R8e7 34. Kg3 Rc5 35. Be2 Rce5 36. Bd3 Rd5 37. Bg6+ Ke6 38. Re4+ Kd6 39. Rxd5+ Bxd5 40. Rxa4 Kc5 41. Rd4 b5 42. Bd3 Rb7 43. Kf4 Re7 44. Bc2 Re5 45. Kg3 Re7 46. Bf5 Rb7 47. f4 Re7 48. Kf2 Re8 49. Ke2 Re7 50. Kd3 Bc4+ 51. Kd2 Bd5 52. b4+ Kb6 53. e4 Bc4 54. a4 c5 55. Rd6+ Kc7 56. bxc5 bxa4 57. Kc3 Bb3 58. Ra6 Kb7 59. Rb6+ Kc7 60. Kd4 Re8 61. e5 fxe5+ 62. fxe5 Rd8+ 63. Kc3 Rd5 64. Kb4 Rxe5 65. Rg6 Re7 66. Ra6 Kb7 67. Rb6+ Kc7 68. Kb5 a3 69. Ra6 a2 70. Kb4 Bd5 71. Bd3 Re1 72. Ra7+ Kb8 

0-1

[Event "39th WCO"]
[Site "?"]
[Date "2010.10.01"]
[Round "?"]
[White "Kozul, Zdenko"]
[Black "Milos, Gilberto"]
[WhiteElo "2604"]
[BlackElo "2599"]
[Result "0-1"]

1. d4 Nf6 2. c4 e6 3. Nf3 b6 4. g3 Bb7 5. Bg2 Be7 6. O-O O-O 7. Re1 Qc8 8. Bg5 h6 9. Bxf6 Bxf6 10. e4 d6 11. Nc3 Nd7 12. Rc1 g6 13. b4 a5 14. a3 Bg7 15. Nb5 Bc6 16. Bh3 axb4 17. axb4 Re8 18. Qd3 Qd8 19. Ra1 Rxa1 20. Rxa1 Nf6 21. Nd2 Qe7 22. Ra7 Bxb5 23. cxb5 Rd8 24. Qc3 Ne8 25. Nf3 Qf6 26. Bf1 Bf8 27. h4 Bg7 28. Bh3 Bf8 29. Ne1 Bg7 30. Nc2 Qe7 31. Qc6 Kf8 32. f4 g5 33. hxg5 hxg5 34. f5 g4 35. Bg2 exf5 36. Qd5 Qg5 37. Bf1 Qd2 38. Ra2 f4 39. Qg5 Bxd4+ 40. Nxd4 Qxd4+ 41. Kh2 fxg3+ 42. Kxg3 Nf6 43. Bg2 Ke7 44. Qc1 Nh5+ 45. Kh2 Rh8 46. Rc2 Kf8 47. Qb2 Nf6+ 

0-1

[Event "FIDE World Cup-A"]
[Site "?"]
[Date "2000.08.03"]
[Round "?"]
[White "Aleksandrov, Aleksej"]
[Black "Milos, Gilberto"]
[WhiteElo "2591"]
[BlackElo "2633"]
[Result "0-1"]

1. d4 Nf6 2. c4 e6 3. Nc3 Bb4 4. e3 b6 5. Ne2 c5 6. a3 Ba5 7. Rb1 Na6 8. f3 O-O 9. d5 exd5 10. cxd5 b5 11. Kf2 b4 12. Nb5 d6 13. axb4 Nxb4 14. Nec3 Bb6 15. Bc4 Nd7 16. Ne4 Ne5 17. b3 f5 18. Nexd6 a6 19. Nxc8 axb5 20. Nxb6 Qxb6 21. Be2 Rfd8 22. f4 Rxd5 23. fxe5 Rxd1 24. Rxd1 Qe6 25. Bxb5 Ra2+ 26. Bb2 Qxb3 27. Rd8+ Kf7 28. Rd7+ Ke6 29. Rd6+ Ke7 30. Rd7+ Kf8 31. Rd8+ Kf7 32. Rd7+ Kg6 33. Rd6+ Kg5 34. h4+ Kxh4 35. Be2 Kg5 36. Rd2 Nd5 37. Rbd1 Qxe3+ 38. Kf1 Qf4+ 39. Kg1 Qe3+ 40. Kh1 Ra4 41. Bc1 

0-1